Państwa świata według definicji #3 - Statystyki

Ogólne statystyki
  • Ten quiz został rozwiązany 2 306 razy
  • Średni wynik to 16 z 24
Statystyki odpowiedzi
Definicja Państwo % Poprawnych
Ich nazwa po angielsku brzmi: "Hungary". Węgry
96%
Jedyny kraj graniczący lądowo z Wielką Brytanią. Irlandia
95%
Jej nazwa po angielsku brzmi: "Croatia". Chorwacja
92%
Graniczy na południe od Polski. Słowacja
92%
Państwo "towarzyszące" Australii. Nowa Zelandia
90%
Urodził się tam papież Franciszek. Argentyna
88%
Największy z państw zakończonych na "-stan". Kazachstan
88%
Kraj graniczący z Mołdawią na południu. Rumunia
84%
Największe z państw powstałe w wyniku upadku Jugosławii. Serbia
84%
Południowy sąsiad Nigru. Nigeria
78%
Politycznie należy do niego Sahara Zachodnia. Maroko
77%
Państwo ze stolicą w Damaszku. Syria
76%
W 2013 roku odseparowała się od niego jego południowa część. Sudan
74%
Ma na fladze żółtą gwiazdę na czerwonym tle. Wietnam
73%
Kraj leżący na południowym zachodzie Półwyspu Arabskiego. Jemen
71%
Leży na wyspie o nazwie Cejlon. Sri Lanka
56%
Leży na wschodnim wybrzeżu Kaukazu. Azerbejdżan
53%
Państwo ze stolicą w Bejrucie. Liban
44%
Arabski kraj, którego flaga była kiedyś całkowicie zielona. Libia
44%
Waluta w tym państwie to lew, zamieniany na stotinki. Bułgaria
42%
Archipelag o równej powierzchni 300 tys. km2 (w Azji). Filipiny
41%
Ma na fladze pionowe dwa czerwone i jeden biały pasek. Peru
41%
Na Półwyspie Arabskim Królestwo Haszymidzkie. Jordania
34%
Państwo ze stolicą w Luandzie. Angola
32%
Nie znaleziono quizów pasujących do podanych kryteriów
Rozkład punktacji
Procent ludzi z każdym wynikiem
Percentyl według liczby udzielonych odpowiedzi
Twoja historia wyników
Nie rozwiązałeś tego quizu